Viaje en torno al globo /

Guardado en:
Autor Principal: Piagafetta, Antonio
Formato: Libro
Publicado: Madrid : Aguilar, 1964
Materias:
Etiquetas: Agregar Etiqueta
Sin Etiquetas, Sea el primero en etiquetar este registro!
LEADER 00491nam a22001815a 4500
001 CEM.cems005043
005 20060217000000.0
008 130507s1964##################000#0#####d
003 CEMS
082 0 4 |a 853.3 
100 1 |a Piagafetta, Antonio 
245 1 0 |a Viaje en torno al globo / 
260 |a Madrid :  |b Aguilar,  |c 1964 
300 |a 110 p. 
653 |a Literatura 
653 |a Literatura italiana 
653 |a Magallanes-expedicion 
859 |a CEMS  |b BIB. CEMS - 11 de abril  |h 853.3  |i P622  |p 9074.81  |t Ej.1